| 000 | 00567nam a2200181 i 4500 | ||
|---|---|---|---|
| 001 | 20208 | ||
| 003 | ES-MaACL | ||
| 005 | 20230906152244.0 | ||
| 007 | t| | ||
| 008 | 021108s1960 sp ||||1| spa d | ||
| 100 | 1 |
_aBalle, Eduardo de. _9170454 |
|
| 245 | 1 | 4 |
_aLas aguas residuales y su tratamiento / _c[por Eduardo de Balle]. |
| 260 |
_aBarcelona : _bSociedad General de Aguas de Barcelona, _c1960. |
||
| 300 |
_a43 p. ; _c27 cm. |
||
| 500 | _aEjemplar linotipiado. | ||
| 650 | 4 |
_aAguas residuales- _xTratamiento. _9169385 |
|
| 852 |
_aES-MaACL _j2020-F-17 _bR.46814 |
||
| 999 |
_c20208 _d20208 |
||